=LDR 00000nam 2200000 4500 =001 INLIS000000000038565 =005 20130612144229 =008 ***********************************Ind** =035 ##$$0010-061300000038565 =041 ##$$a Ind =082 ##$$a 791.43 =090 ##$$a 791.43, Suh p =100 ##$$a Suhendra, Sugoy =245 ##$$a Popi pegangan orang filan, Melakukan dan memudahkan jalan menjadi calon artis sukses, Sugoy Suhendra; Editor, Rayendra L.Toruan =260 ##$$b a =300 ##$$a xxxv,168 hlm, 17 cm =650 ##$$a Film =850 ##$$a NBPNMAT